| 000 | 00905na a2200301 4500 | ||
|---|---|---|---|
| 001 | 15526 | ||
| 003 | MIRAKIL | ||
| 005 | 20181213155302.0 | ||
| 008 | 161019b tu 000 0 | ||
| 020 | _a9754705143 | ||
| 035 | _a15526 | ||
| 040 |
_aMilas _btur _cTR-AnCHP |
||
| 041 | _atur | ||
| 082 |
_a956.102 _bZ96m 2004 |
||
| 090 | _a956.102 Z96m 2004 | ||
| 100 | _aZürcher, Erik Jan | ||
| 245 |
_aModernleşen Türkiye'nin tarihi _bTurkey, a modern history _cErik Jan Zürcher ;çeviren Yasemin Saner Gönen |
||
| 260 |
_aİstanbul _bİletişim Yayınları _c2004 |
||
| 300 |
_a523 s. _c20 sm. |
||
| 490 |
_aTarih Dizisi _v7 |
||
| 490 |
_aİletişim yayınları _v332 |
||
| 504 | _aDizin var. | ||
| 650 |
_aCumhuriyet Dönemi _xTarih _zTürkiye |
||
| 651 |
_aTürkiye _xTarih _y20. yüzyıl |
||
| 651 |
_aTürkiye _xTarih _y19. yüzyıl |
||
| 700 | _aGönen, Yasemin Saner | ||
| 942 |
_2dcc _cBKS |
||
| 999 |
_c9948 _d9948 |
||